00425nam a2200169Ia 4500003000400000008004100004040001600045082001300061100002400074245005700098260003200155300000900187650001200196650000900208650001300217650002500230GCL140319s9999 xx 000 0 eng d aGCL / cGCL04a759bB R1 aBEAUDOUIN, FRANSOIS10aRIVIERES ET CANAUX DE FRANCE / cBEAUDOUIN, FRANSOIS a[S.N] : bANTHESE ، c1997 a96 P04aDRAWING04aARTS04aPAINTING04aPAINTERS - BIOGRAPHY